000 00293nam a22001217a 4500
008 230704b xxu||||| |||| 00| 0 eng d
082 _a362.1
_bWHO 2002
245 _aBulletin
_bWorld Health Organization
260 _bWHO
_c2002
300 _a688p
440 _n8
_v80
_x02512432
942 _2ddc
_cBK
999 _c3788
_d3788